01003nam a2200205 i 4500001000300000100001800003245009100021260008100112300004200193490016600235504001400401650003400415830016600449020001500615040000800630041000800638080001200646008004100658856009800699bg1 aSTEĆ, Piotr10aSegmentation of colour video sequences using the fast marching method /cPiotr Steć. aZielona Góra :bOficyna Wydawnicza Uniwersytetu Zielonogórskiego,c2005. a108 s. :bfot., rys., wykr. ;c24 cm.1 aLecture Notes in Control and Computer Science / Faculty of Electrical Engineering. Computer Science and Telecomunications. University of Zielona Góra ;vvol. 7 aBibliogr. 9aSegmentacja obrazówxmetody 0aLecture Notes in Control and Computer Science (Faculty of Electrical Engineering. Computer Science and Telecomunications. University of Zielona Góra) ;vvol. 7 a8389712474 cBPK0 aeng a004.932 s pl f |000 0 pol  uhttp://koha.tu.koszalin.pl/cgi-bin/koha/opac-detail.pl?biblionumber=46453yKatalog online BPK